000 00570nam a2200205Ia 4500
005 20250923144746.0
008 008 250917s9999 xx 000 0 eng d
037 _aTextual
040 _aDSWL
_beng
_cDSWL
041 _aeng
_2eng
084 _aY31:7:7.2'N5, N61
_qDSWL
100 _aNair, Kusum
_9828111
245 0 _aBlossoms in the dust
_cby Kusum Nair
260 _aLondon
_bGerald Duckworth Co. Ltd.
_c1961
300 _a201p.
365 _aINR
_b21
925 _g21
942 _cTEXL
_hY31:7:7.2'N5, N61
999 _c1442986
_d1442986